000 00466nam a2200205Ia 4500
001 13420
003 GE_BSU
008 181216s||||||||xx |||||||||||||| ||und||
020 _a9780349107684
040 _cGE_BSU
080 _a821.111-3
100 _aBanks,Lain
245 _aWhit of Isis Amongst the Unsaved
260 _aLondon
260 _bAbacus
260 _c1995
300 _a455p.ill.20cm.
653 _aWhit of Isis Amongst the Unsaveo
942 _cBK
999 _c46581
_d46581